[Event "Omsk-ch"]
[Site "Omsk"]
[Date "2012.03.24"]
[Round "8"]
[White "Krivonogov, Yuri"]
[Black "Tregubov, Nikolai"]
[Result "1-0"]
[WhiteElo "2046"]
[BlackElo "2078"]
[PlyCount "41"]
[EventDate "2012.03.15"]
[EventType "swiss"]
[EventRounds "9"]
[EventCountry "RUS"]
[SourceTitle "EXT 2013"]
[Source "ChessBase"]
[SourceDate "2012.11.22"]
[SourceVersion "1"]
[SourceVersionDate "2012.11.22"]
[SourceQuality "1"]

1. d4 Nf6 2. Bg5 d5 3. e3 Bf5 4. c4 e6 5. Qb3 Nbd7 6. Nc3 dxc4 7. Bxc4 Be7 8. f3 Nb6 9. Be2 h6 10. Bh4 Nfd5 11. Bf2 Bh7 12. e4 Nf4 13. Bb5+ c6 14. g3 Ng6 15. Be2 Qd7 16. h4 Bg8 17. h5 Nf8 18. a4 f6 19. a5 e5 20. d5 Nc8 21. Bc4 1-0

[Event "Omsk-ch"]
[Site "Omsk"]
[Date "2012.03.18"]
[Round "3"]
[White "Kislov, Leonid"]
[Black "Krivonogov, Yuri"]
[Result "0-1"]
[WhiteElo "1883"]
[BlackElo "2046"]
[PlyCount "72"]
[EventDate "2012.03.15"]
[EventType "swiss"]
[EventRounds "9"]
[EventCountry "RUS"]
[SourceTitle "EXT 2013"]
[Source "ChessBase"]
[SourceDate "2012.11.22"]
[SourceVersion "1"]
[SourceVersionDate "2012.11.22"]
[SourceQuality "1"]

1. b4 e5 2. b5 d5 3. e3 a6 4. Bb2 Bd6 5. Nf3 Qe7 6. Nc3 Nf6 7. a4 0-0 8. Be2 Re8 9. 0-0 c5 10. bxc6 bxc6 11. h3 a5 12. Qc1 Na6 13. Nd1 Bd7 14. Nh2 Ne4 15. c4 Nac5 16. Qc2 Rab8 17. d3 Nf6 18. Rb1 Na6 19. d4 Nb4 20. Qd2 exd4 21. Bxd4 Bf5 22. Rb3 c5 23. Bxf6 Qxf6 24. cxd5 Nxd5 25. Rxb8 Rxb8 26. Bc4 Nb4 27. Nc3 Be5 28. Ne2 Qg6 29. Kh1 Be4 30. f3 Bd3 31. Ng4 Bd6 32. Qc3 h5 33. Bxd3 Nxd3 34. Nh2 Rb2 35. Qxa5 Rxe2 36. Qa8+ Kh7 0-1

[Event "Omsk-ch"]
[Site "Omsk"]
[Date "2012.03.17"]
[Round "2"]
[White "Krivonogov, Yuri"]
[Black "Dudkin, Vladimir"]
[Result "0-1"]
[WhiteElo "2046"]
[BlackElo "1934"]
[PlyCount "35"]
[EventDate "2012.03.15"]
[EventType "swiss"]
[EventRounds "9"]
[EventCountry "RUS"]
[SourceTitle "EXT 2013"]
[Source "ChessBase"]
[SourceDate "2012.11.22"]
[SourceVersion "1"]
[SourceVersionDate "2012.11.22"]
[SourceQuality "1"]

1. d4 d5 2. Bg5 Nf6 3. e3 Bf5 4. Nd2 Nbd7 5. Ngf3 e6 6. Be2 c5 7. c3 Bd6 8. Nh4 0-0 9. Nxf5 exf5 10. Bd3 h6 11. Bh4 f4 12. exf4 Re8+ 13. Kf1 Bxf4 14. Nf3 Qb6 15. Rb1 Ne4 16. Bg3 Bxg3 17. hxg3 Ndf6 18. Rh4 0-1

[Event "Omsk op"]
[Site "Omsk"]
[Date "2008.12.11"]
[Round "8"]
[White "Artemiev, Vladislav"]
[Black "Krivonogov, Yuri"]
[Result "1-0"]
[WhiteElo "2046"]
[BlackElo "2022"]
[PlyCount "93"]
[EventDate "2008.11.23"]
[EventType "swiss"]
[EventRounds "9"]
[EventCountry "RUS"]
[SourceTitle "CBM 127 Extra"]
[Source "ChessBase"]
[SourceDate "2009.01.08"]
[SourceVersion "2"]
[SourceVersionDate "2009.01.28"]
[SourceQuality "1"]

1. e4 e5 2. Nc3 d6 3. Bc4 Nf6 4. d3 c6 5. Bb3 Nbd7 6. f4 Nc5 7. Nf3 Nxb3 8. axb3 Qc7 9. 0-0 Be7 10. fxe5 dxe5 11. Qe1 Nh5 12. Be3 0-0 13. Qf2 a6 14. Na4 Bg4 15. h3 Be6 16. Nb6 Rae8 17. Nc4 f6 18. Nh4 g6 19. Nf3 c5 20. Bh6 Rf7 21. Ne3 Rd8 22. Nd2 Qd7 23. g4 Ng7 24. Bxg7 Kxg7 25. Kg2 Rh8 26. Ndc4 Bd8 27. Qg3 b5 28. Nd2 Qd6 29. Nb1 c4 30. bxc4 bxc4 31. Nc3 cxd3 32. cxd3 Qb4 33. Rf2 a5 34. Ned5 Qb8 35. Raf1 h6 36. d4 Rhf8 37. Ne3 Bb6 38. d5 Bd7 39. Rc2 Rc8 40. Rf3 Bd4 41. Rcf2 a4 42. Ncd1 Bb5 43. Rd2 Qb6 44. h4 Qa6 45. h5 Be2 46. Rf2 Bd3 47. Rxd3 1-0

[Event "Omsk op"]
[Site "Omsk"]
[Date "2008.11.30"]
[Round "4"]
[White "Mikhailovsky, Viktor"]
[Black "Krivonogov, Yuri"]
[Result "0-1"]
[WhiteElo "2041"]
[BlackElo "2022"]
[PlyCount "60"]
[EventDate "2008.11.23"]
[EventType "swiss"]
[EventRounds "9"]
[EventCountry "RUS"]
[SourceTitle "CBM 127 Extra"]
[Source "ChessBase"]
[SourceDate "2009.01.08"]
[SourceVersion "2"]
[SourceVersionDate "2009.01.28"]
[SourceQuality "1"]

1. d4 d5 2. c4 c6 3. Nc3 Nf6 4. Nf3 Nbd7 5. e3 e6 6. Qc2 Be7 7. Be2 0-0 8. 0-0 a6 9. e4 dxe4 10. Nxe4 Re8 11. Bf4 Nxe4 12. Qxe4 Nf6 13. Qe5 Qb6 14. b3 a5 15. Bd3 a4 16. c5 Qd8 17. h3 Qd5 18. Qe3 axb3 19. axb3 Rxa1 20. Rxa1 Qh5 21. Qe2 Nd5 22. Bd2 f6 23. b4 Qf7 24. b5 e5 25. bxc6 bxc6 26. Ra7 Qh5 27. Bc4 e4 28. Qe1 Bxc5 29. Ra8 Bd6 30. Nh2 f5 0-1

[Event "Omsk op"]
[Site "Omsk"]
[Date "2008.11.27"]
[Round "2"]
[White "Sosunov, Sergey"]
[Black "Krivonogov, Yuri"]
[Result "0-1"]
[WhiteElo "1719"]
[BlackElo "2022"]
[PlyCount "38"]
[EventDate "2008.11.23"]
[EventType "swiss"]
[EventRounds "9"]
[EventCountry "RUS"]
[SourceTitle "CBM 127 Extra"]
[Source "ChessBase"]
[SourceDate "2009.01.08"]
[SourceVersion "2"]
[SourceVersionDate "2009.01.28"]
[SourceQuality "1"]

1. d4 d5 2. c4 c6 3. cxd5 cxd5 4. g3 Bf5 5. Bg2 Nc6 6. a3 e6 7. Nf3 Qa5+ 8. Bd2 Qb6 9. Bc3 Nf6 10. 0-0 Bd6 11. e3 0-0 12. Nbd2 h6 13. Re1 Ne4 14. Nxe4 Bxe4 15. Nd2 Bxg2 16. Kxg2 Rad8 17. Nf3 f5 18. Qd2 Qc7 19. Rac1 Qb8 0-1

[Event "Omsk-ch sf op"]
[Site "Omsk"]
[Date "2007.12.05"]
[Round "4"]
[White "Krivonogov, Yuri"]
[Black "Zenzera, Alexey"]
[Result "0-1"]
[WhiteElo "2046"]
[BlackElo "1978"]
[PlyCount "94"]
[EventDate "2007.12.01"]
[EventType "swiss"]
[EventRounds "9"]
[EventCountry "RUS"]
[SourceTitle "EXT 2022"]
[Source "ChessBase"]
[SourceDate "2021.10.06"]
[SourceVersion "1"]
[SourceVersionDate "2021.10.06"]
[SourceQuality "1"]

1. d4 Nf6 2. Bg5 d5 3. e3 Bf5 4. Nd2 e6 5. c3 Be7 6. Ngf3 0-0 7. h3 h6 8. Bh4 b6 9. Ne5 Nfd7 10. Bg3 Nxe5 11. Bxe5 c5 12. Be2 Nc6 13. Bh2 Bd6 14. f4 Qh4+ 15. Kf1 cxd4 16. Nf3 Qf6 17. exd4 Be4 18. Qd2 Ne7 19. Ne5 Bxe5 20. dxe5 Qg6 21. Rg1 f6 22. exf6 Qxf6 23. Ke1 Qh4+ 24. Kd1 Nf5 25. Bg4 Rfd8 26. g3 Qf6 27. Bxf5 Bxf5 28. g4 d4 29. c4 Be4 30. Re1 Bf3+ 31. Kc2 Rac8 32. Qd3 Bd5 33. b3 b5 34. Kd2 bxc4 35. bxc4 Bxc4 36. Qe4 Qh4 37. Qf3 Qe7 38. a3 Qc5 39. Reb1 Bd5 40. Qd3 Qa5+ 41. Rb4 Rc4 42. Qb1 Rdc8 43. Bg1 Rc2+ 44. Qxc2 Rxc2+ 45. Kxc2 Qc5+ 46. Kd1 Bf3+ 47. Ke1 Qc3+ 0-1

[Event "Omsk-ch sf"]
[Site "Omsk"]
[Date "2006.12.03"]
[Round "5"]
[White "Krivonogov, Yuri"]
[Black "Gedyk, Dmitry"]
[Result "0-1"]
[WhiteElo "2056"]
[BlackElo "2248"]
[PlyCount "70"]
[EventDate "2006.11.15"]
[EventType "swiss"]
[EventRounds "9"]
[EventCountry "RUS"]
[SourceTitle "EXT 2019"]
[Source "ChessBase"]
[SourceDate "2018.10.10"]
[SourceVersion "1"]
[SourceVersionDate "2018.10.10"]
[SourceQuality "1"]

1. d4 d5 2. Nf3 Nf6 3. Bg5 e6 4. e3 Be7 5. Nbd2 b6 6. Bd3 Bb7 7. Ne5 0-0 8. 0-0 Nfd7 9. Bxe7 Qxe7 10. f4 f5 11. Qh5 Nf6 12. Qh4 Qb4 13. Nb3 Nbd7 14. c3 Qd6 15. Nd2 Ne4 16. Ndf3 Rf6 17. h3 Nf8 18. g4 Rh6 19. Qe1 Rxh3 20. Bxe4 dxe4 21. Ng5 Rf3 22. Ngxf3 exf3 23. Kf2 fxg4 24. Nxg4 Ng6 25. Rh1 Rf8 26. Ne5 Nxe5 27. dxe5 Qc5 28. Rd1 Rxf4 29. b4 Rg4 30. bxc5 Rg2+ 31. Kf1 Ba6+ 32. Qe2 Bxe2+ 33. Ke1 Bxd1 34. Kxd1 Rxa2 35. Rh3 Ra1+ 0-1